| 000 | 00621nac a22001691u 4500 | ||
|---|---|---|---|
| 008 | 100808s1998Ua|||||r|||| 000 00| 0dara | ||
| 020 | _a9770156922 (ج3) | ||
| 020 | _a9770158887 (ج4) | ||
| 082 |
_a227.3 _bش ح ا |
||
| 100 | 1 |
_aشحاته، عبدالله _917203 |
|
| 245 |
_aأهداف كل سورة ومقاصدها : _bفي القرآن الكريم / _cعبدالله شحاته |
||
| 250 | _aط 4. | ||
| 260 |
_aالقاهرة : _bالهيئة المصرية العامة للكتاب ،1998 _c1998 |
||
| 300 |
_a4 مج ؛ _c18 سم. |
||
| 650 |
_aالقرآن _963 _xتفسير |
||
| 942 |
_cBB _k227.3 ش ح ا _2ddc |
||
| 999 |
_c6140 _d6140 |
||